000 00379pab a2200145 454500
008 180718b2005 xxu||||| |||| 00| 0 eng d
100 _aVen, Andrew H. Van de
245 _aRunning in packs to develop knowledge-intensive technologies
260 _c2005
300 _ap.365-378.
362 _aJun
650 _aKnowledge management
773 _aMIS Quarterly
909 _a65806
999 _c65806
_d65806